000
00259nam a2200097Ia 4500
008
230508s1995 xx 000 0 und d
041
_a
eng
100
_a
GLANVILL & DENTON
245
_a
INJECTION MOULD DESIGN FUNDAMENTALS
260
_b
INDUSTRIAL PRESS INC
_c
1995
999
_c
339764
_d
339764